| 000 | 01396nam0a2200337 4500 | ||
|---|---|---|---|
| 001 | RU\NLR\bibl\1057273 | ||
| 005 | 20260405065745.0 | ||
| 010 |
_a5-7619-0162-5 _92000 |
||
| 021 |
_aRU _b2007-3755 _9190 |
||
| 035 | _a(NLR Aleph) 001044556 | ||
| 090 |
_a839885 _c839885 |
||
| 100 | _a20070313d2007 |||y0rusy50 ca | ||
| 101 | 0 | _arus | |
| 102 | _aRU | ||
| 105 | _aa ||||||||| | ||
| 200 | 1 |
_aРассветы и сумерки арийских богов _eрасовое религиоведение _fА.М. Иванов |
|
| 210 |
_aМосква _cБелые альвы _d2007 [т.е. 2006] |
||
| 215 |
_a430,[1] с., [1] л. портр. _cил., портр. _d21 |
||
| 225 | 1 |
_aБиблиотека расовой мысли _fред. С.Н. Удалова |
|
| 300 | _aКн. фактически издана в 2006 г. | ||
| 320 | _aБиблиогр. в подстроч. прим. | ||
| 333 | _aУдалено из публичного доступа. Фед. сп. № 1637 | ||
| 606 | 1 |
_aРелигия _yСтраны Востока _92210647 _3RU\NLR\auth\661327975 |
|
| 686 | _aЭ239(5) | ||
| 700 | 1 |
_4070 _8rus _7ca _aИванов _bА.М. _f1935- _cпублицист _gАнатолий Михайлович _3RU\NLR\auth\7723461 _96514 |
|
| 801 | 0 |
_aRU _bNLR _c20070313 _gRCR |
|
| 801 | 1 |
_aRU _bNLR _c20070313 |
|
| 942 | _cBOOK | ||
| 980 | _aNB | ||